| 000 | 00511nam a22001697a 4500 | ||
|---|---|---|---|
| 003 | GBCCL | ||
| 005 | 20251128113936.0 | ||
| 008 | 180702b ||||| |||| 00| 0 eng d | ||
| 040 | _cgbc | ||
| 082 |
_a220.52081 _bBIB |
||
| 245 | _aThe Holy Bible, New International version | ||
| 250 |
_aReference ed. _bwith concordance and maps |
||
| 260 |
_aLondon: _bHodder & Stoughton, _c1986 |
||
| 300 |
_axiii, 1328 p.; _bcol. maps, _c25 cm. |
||
| 650 |
_aBible _vNew International Version _xEnglish _912316 |
||
| 942 |
_2ddc _cREF |
||
| 999 |
_c6898 _d6898 |
||